00337nam a2200133Ia 4500001000400000008004100004020002200045082002000067100001800087245003900105260001600144901002800160999001500188460241024s9999 xx 000 0 und d a978-9945-406-80-1 aRD/333.91/F727p a[*SIN AUTOR*] 0aPrimer Foro del Agua Santo Domingo bINAPAc2007 a10/11/2010 1:30:16 p.m. c9680d9680